000 00627nam a2200253Ia 4500
008 210210b1934 xxu||||| |||| 00| 0 eng d
041 _aeng
082 _a389/18
100 _aISAAC PITMAN AND SONS LTD
245 _aPitmans journal of commercial education April to September 1934 Vol 101
260 _aLondon
_bSir Isaac Pitman & Sons Ltd.,
_c1934
300 _a1054
650 _aVol
650 _aSeptember
650 _aPitmans
650 _ajournal
650 _aeducation
650 _acommercial
650 _aApril
650 _a1934
650 _a101
690 _aCommercial Law
906 _a005733
999 _c125774
_d125774